Challenges to sustainability : (Record no. 3619)

MARC details
000 -LEADER
fixed length control field 00586nam a2200157 4500
001 - CONTROL NUMBER
control field 4378
005 - DATE AND TIME OF LATEST TRANSACTION
control field 20181127173302.0
020 00 - INTERNATIONAL STANDARD BOOK NUMBER
International Standard Book Number 9789522643452
090 00 - LOCALLY ASSIGNED LC-TYPE CALL NUMBER (OCLC); LOCAL CALL NUMBER (RLIN)
Classification number (OCLC) (R) ; Classification number, CALL (RLIN) (NR) 333.72 T421c 2014
245 00 - TITLE STATEMENT
Title Challenges to sustainability :
Remainder of title Global approaches and practical work in the Baltic sea region.
Statement of responsibility, etc.
Medium
260 00 - PUBLICATION, DISTRIBUTION, ETC.
Place of publication, distribution, etc. Kaarin Taipale :
Name of publisher, distributor, etc. TH Global Sustainability Foundation,
Date of publication, distribution, etc. 2014.
300 00 - PHYSICAL DESCRIPTION
Extent 77 p. ; 25 cm.
500 00 - GENERAL NOTE
General note An International Seminar Organised by the city of Helsinki and the TH Global Sustainability Foundation.
650 00 - SUBJECT ADDED ENTRY--TOPICAL TERM
Topical term or geographic name entry element Baltic sea Region.
General subdivision
Topical term or geographic name entry element Sustainable development
General subdivision
Holdings
Withdrawn status Lost status Source of classification or shelving scheme Damaged status Not for loan Collection code Home library Current library Shelving location Serial Enumeration / chronology Inventory number Total Checkouts Full call number Barcode Date last seen Price effective from Koha item type
    Dewey Decimal Classification     Main TEST RTC Library RTC Library Main opac 7920   333.72 TAR 30007082 27/11/2018 27/11/2018 Main
Royal Thimphu College || All Right Reserved